| 000 | 00517cam a2200205ua 4500 | ||
|---|---|---|---|
| 020 | _c8.00 | ||
| 041 |
_aeng _h |
||
| 082 |
_a636 _bSUB/HA |
||
| 100 | _aSubbiah, Mudaliar. V.T. | ||
| 245 |
_aHand book of animal husbandry and dairying / _cV.T.Subbiah mudaliar. _hTextual Documents |
||
| 250 |
_a1 / _b. |
||
| 260 |
_aChennai : _bCentral art press , _c1960. |
||
| 300 | _a203 ; . | ||
| 365 | _a8.00 | ||
| 504 | _a | ||
| 942 | _cBK | ||
| 999 |
_c1820 _d1820 |
||